| 000 | 00805nam a2200193 a 4500 | ||
|---|---|---|---|
| 001 | 000029472 | ||
| 005 | 20200930055557.0 | ||
| 008 | 110415s2003 dr c 000 0 spa d | ||
| 040 |
_aDO-SdBNP _bspa _cBNPHU |
||
| 082 |
_axxx _bS616 |
||
| 110 | 2 |
_aCentro Nacional de Investigaciones en Salud Materno Infantil _955757 |
|
| 245 | 0 | 0 |
_aSíndrome de seckel o nanismo primordial con cara de pajarito / _cEditores Hugo R. Mendoza, Mildred Landrón. |
| 260 |
_aSanto Domingo : _bCentro Nacional de Investigaciones en Salud Materno Infantil, _c2003. |
||
| 300 |
_a8 p. : _bretrs. ; _c28 cm. |
||
| 490 | 1 |
_aEstudios especiales aplicados a la clínica _vv. 6 |
|
| 700 | 1 |
_aMendoza, Hugo R., _eed. _96390 |
|
| 700 | 1 |
_aLandrón, Mildred, _eed. _956345 |
|
| 830 | 0 |
_aEstudios especiales aplicados a la clínica _vv. 6 _956346 |
|
| 999 |
_c28964 _d28964 |
||